|
|
|
|
| LEADER |
00892nam a2200241 4500 |
| 001 |
c000352651 |
| 003 |
CARM |
| 005 |
00000000000000.0 |
| 008 |
710421s1969 at a 00110 eng |
| 015 |
|
|
|a Aus69-4518
|
| 019 |
1 |
|
|a 112714
|z 6666046
|z 23893720
|z 5893332
|5 LACONCORD2021
|
| 035 |
|
|
|a (OCoLC)134915
|5 LACONCORD2021
|
| 050 |
0 |
0 |
|a HF5736
|b .L76
|
| 082 |
0 |
0 |
|a 651/.5/0202
|
| 100 |
1 |
|
|a Lovett, Tom
|q (Tom R.)
|
| 245 |
1 |
0 |
|a Records management manual
|c [by] Tom Lovett.
|
| 260 |
|
|
|a Sydney,
|b Austral International Publications
|c [1969]
|
| 300 |
|
|
|a 154 p.
|b illus., diagrs.
|c 24 cm.
|
| 650 |
|
0 |
|a Business records
|x Management.
|
| 650 |
|
0 |
|a Filing systems.
|
| 852 |
8 |
|
|b CARM
|h A1:AP18B0
|i B07374
|p 0347308
|f BK
|
| 999 |
f |
f |
|i 0da8eb2e-57b5-55d8-abe4-efe25f5a0792
|s eae311c0-ad03-5eb1-9f58-ae6d6740292f
|
| 952 |
f |
f |
|p Can circulate
|a CAVAL
|b CAVAL
|c CAVAL
|d CARM 1 Store
|e B07374
|f A1:AP18B0
|h Other scheme
|i book
|m 0347308
|